[Event "Vaujany Principal"]
[Site "Vaujany"]
[Date "2012.07.20"]
[Round "9.33"]
[White "Drillat, Michel"]
[Black "Trin, Pierre"]
[Result "0-1"]
[WhiteElo "1910"]
[BlackElo "1858"]
[Annotator "Jean-pierre,LEES"]
[PlyCount "64"]
[SourceDate "2012.07.12"]
[WhiteTeamCountry "IND"]
[BlackTeamCountry "URS"]
[TimeControl "240+2"]

{1024MB, Fritz8.ctg
} 1. d4 Nf6 2. c4 g6 3. Nc3 d5 4. Nf3 c6 5. Bf4 Bg7 6. e3
O-O 7. Rc1 Qa5 8. Bd3 (8. Qd2 Be6 9. cxd5 Nxd5 10. Nxd5 Qxd2+ 11. Kxd2 Bxd5 12.
Bc4) 8... dxc4 9. Bxc4 Nd5 10. Bg3 h6 11. O-O Nb6 12. Bb3 Bg4 13. h3 Bh5 14.
Bh2 (14. Bc7) (14. Ne4 N8d7 15. Nc5 Nxc5 16. Rxc5) 14... g5 15. g4 Bg6 16. Ne5
Bxe5 17. Bxe5 N8d7 18. Bg3 Nf6 19. f4 Ne4 20. Nxe4 $6 (20. Qd3 $142 gxf4 21.
Bxf4 c5 22. dxc5 Rfd8 23. Qb1 Qxc5 24. Nxe4 Qb4 25. Bc2 Nd5 26. Bxh6 Rac8 27.
Nf6+ Nxf6 28. Bxg6 fxg6 29. Qxg6+ Kh8 30. Qg7#) 20... Bxe4 21. Rc5 Qa6 22. fxg5
Nd7 23. Rc1 hxg5 24. Qd2 Kg7 25. Qf2 Qa5 26. h4 f5 27. hxg5 (27. Qe2 Bd5 28.
Be1 Qb6 29. hxg5) 27... fxg4 28. Bf4 $4 (28. Qh2 Rh8 29. Rf7+ Kg6 30. Bh4 g3
31. Qxg3 Bd5 32. Rxe7 $18) 28... Rh8 29. Bh2 Raf8 30. Qg3 Qxg5 $6 (30... Rh3
$142 31. Rxf8 Rxg3+ 32. Bxg3 Kxf8) 31. Be6 $2 (31. Rxf8 $142 Rxf8 32. Rf1)
31... Rxh2 32. Qxh2 (32. Kxh2 Qh5+ 33. Kg1 Qh1#) 32... Qxe3+ 0-1

[Event "Vaujany Principal"]
[Site "Vaujany"]
[Date "2012.07.20"]
[Round "9.34"]
[White "Dubois, Hervé"]
[Black "Michel, Stephan"]
[Result "1-0"]
[WhiteElo "1854"]
[BlackElo "1989"]
[Annotator "Jean-pierre,LEES"]
[PlyCount "93"]
[SourceDate "2012.07.12"]
[WhiteTeamCountry "IND"]
[BlackTeamCountry "URS"]
[TimeControl "240+2"]

{1024MB, Fritz8.ctg
} 1. c4 g6 2. g3 Bg7 3. Bg2 d6 4. Nf3 e5 5. d4 Nc6 6. dxe5
dxe5 7. O-O Be6 8. Qa4 h6 9. Nc3 Nge7 10. Rd1 Qc8 11. Nd5 O-O 12. e4 f5 13. Qa3
Rf7 14. Be3 fxe4 15. Nxe7+ Nxe7 16. Nd2 Bg4 17. Re1 Bf3 18. Bc5 Bxg2 19. Kxg2
Qf5 20. Qe3 Nc6 21. Qxe4 Rd8 22. Nb3 Qxe4+ 23. Rxe4 b6 24. Ba3 Nd4 25. Rc1 Nxb3
26. axb3 Rd2 27. Rf1 c5 28. b4 cxb4 29. Bxb4 Rxb2 30. Bd6 Rc2 31. Kg1 Rd7 32.
Bb8 Rd4 33. Ree1 Rdxc4 34. Bxa7 b5 35. Rb1 b4 36. Be3 e4 37. Rfd1 Rb2 38. Rd8+
Kf7 39. Rbd1 Rc7 $2 (39... Be5 $142) 40. R1d7+ Rxd7 41. Rxd7+ Kg8 42. Rxg7+
Kxg7 43. Bd4+ Kf7 44. Bxb2 Ke6 45. Kf1 Kf5 46. Ke2 g5 47. h3 1-0